<A> Central european payments union technical aspects

Gespeichert in:
Bibliographische Detailangaben
1. Verfasser: Brabant, Jozef M. van
Format: Buch
Sprache:Englisch
Veröffentlicht: New York Institute for East-West Security Studies 1991
Schriftenreihe:Public Policy Paper 3
Schlagworte:
Tags: Tag hinzufügen
Keine Tags, Fügen Sie das erste Tag hinzu!

MARC

LEADER 00000nam a2200000 4500
001 c124766
005 20221123102123.5
020 |a 0-8133-8419-2 
041 0 |a eng 
044 |a US 
245 1 0 |a <A> Central european payments union  |b technical aspects  |c Jozef M. van Brabant 
264 1 |a New York  |b Institute for East-West Security Studies  |c 1991 
300 |a 47 s. 
490 1 |a Public Policy Paper  |v 3 
830 0 |a Public Policy Paper  |v 3 
610 2 0 |a únie menové 
610 2 0 |a Európa 
610 2 0 |a Európska únia 
610 2 0 |a Európske spoločenstvá 
610 2 0 |a sústava menová 
610 2 0 |a sústava peňažná 
100 1 |a Brabant, Jozef M. van